00334 a2200145 450000100060000002000150000604000240002110000260004524000320007124500270010330000070013036200090013744000110014665000310015770369 a8526006525 cAnchieta - Itaigara aSilva, Aracy Lopes da10aHistórias de verdadelpor10aHistórias de verdade a460 a2000 1aGlobal 4aLiteratura infanto-juvenil